000 01032nam a2200289 i 4500
003 DO-SdBNP
005 20250404103703.0
007 ta
008 110413s1999 dr a 000 j spa d
040 _aDO-SdBNP
_bspa
_cBNPHU
_erda
041 _hspa
082 4 _axxx
_bM516v
_222
100 1 _aMejía Vallejo, Fausto Ramón,
_eautor
_4aut.
_920492
245 1 0 _aVamos hacia el padre /
_cFausto Ramón Mejía Vallejo, José Salvador Mejía Ovalle ; prólogo, Mateo Andrés
264 4 _aSanto Domingo :
_bEdiciones MSC,
_c©1999.
300 _a208 páginas :
_bIlustraciones ;
_c22 cm.
336 _atexto
_btxt
_2rdacontent
337 _asin mediación
_bn
_2rdamedia
338 _avolumen
_bnc
_2rdacarrier
500 _aIncluye referencias bibliográficas y notas al pie de las páginas
500 _aHacia el Jubileo del año 2000
590 _aInventariado, 2025/BT
700 1 _aMejía, José Salvador,
_eautor.
_4aut.
_945731
700 1 _aAndrés, Mateo,
_eprologuista
_4pr.
_97205
910 _aBtavárez
942 _2ddc
_cLBS1
999 _c58616
_d58616